| 000 | 01482nam a2200229 a 4500 | ||
|---|---|---|---|
| 001 | 000000419 | ||
| 005 | 20240305140748.0 | ||
| 008 | 090122s2005 dr ac 001 0 spa d | ||
| 040 |
_aDO-SdBNP _bspa _cBNPHU |
||
| 082 |
_a263.915 _bR788n |
||
| 100 | 1 |
_a Rosa y Carpio, Ramón Benito de la, _d1939- _974159 |
|
| 245 | 1 | 0 |
_aNavidades nuestras : _bpoesía y prosa, meditaciones y ensayos / _cMons. Ramón Benito de la Rosa y Carpio. |
| 260 |
_aSantiago de los Caballeros, República Dominicana : _bTeófilo, _c2005. |
||
| 300 |
_a67 p. : _bil., retrs. ; _c22 cm. |
||
| 505 | 0 |
_gDedicatoria -- _tIntroducción -- _tTarjetas de navidad -- _tNavidad, cultura y comercio -- _tTres sugerencias para navidades -- _tLa denuncia de los reyes magos -- _tViviano -- _tLa Virgen de la Altagracia es la virgen de la navidad -- _tNuestros símbolos navideños para unas "navidades nuestras" -- _tNavidades y efemérides dominicanas -- _tInvocación de navidad -- _tPreparar las navidades -- _tLos diez elementos básicos para hacer un verdadero nacimiento en tiempo de navidad -- _tBorrador para un cuento de Navidad -- _tMeditaciones con el Evangelio y un niño de la mano -- _tEpílogo -- _tSelección de la colección de tarjetas. |
|
| 590 | _aInventariado, 2018/ YL | ||
| 650 | 4 |
_aNavidad _zRepública Dominicana _91398 |
|
| 650 | 4 |
_aFestividades religiosas _zRepública Dominicana _91399 |
|
| 650 | 4 |
_aNatividad de jesús _91400 |
|
| 650 | 4 |
_aTarjetas de navidad _91401 |
|
| 910 | _aValidado. Control de calidad EMS | ||
| 999 |
_c417 _d417 |
||